| 000 | 00601cam a22002051 4500 | ||
|---|---|---|---|
| 001 | 000013050 | ||
| 005 | 20200929163128.0 | ||
| 008 | 870416s1962 sp 000 0 spa | ||
| 040 |
_aDO-SdBNP _bspa _dBNPHU |
||
| 082 |
_axxxx _bA958e |
||
| 100 | 1 |
_aAvila Alvarez, Pedro. _930168 |
|
| 245 | 1 | 0 | _aEstudios de derecho notarial. |
| 250 | _a3a ed., rev. | ||
| 260 |
_aBarcelona, : _bEdiciones Nauta, _c1962. |
||
| 300 |
_a327 p. ; _c21 cm. |
||
| 490 | 1 | _aFides | |
| 500 | _aWith 1966 Appendix. | ||
| 504 | _aIncluye referencias bibliograficas y notas al pie de las páginas. | ||
| 830 | 0 |
_aFides _929660 |
|
| 999 |
_c12693 _d12693 |
||